Computer Programming (Record no. 541631)
[ view plain ]
| 000 -LEADER | |
|---|---|
| fixed length control field | 00350nam a22001217a 4500 |
| 082 ## - DEWEY DECIMAL CLASSIFICATION NUMBER | |
| Classification number | 005.1 |
| Author Mark | MAS |
| 245 ## - TITLE STATEMENT | |
| Title | Computer Programming |
| Statement of responsibility, etc. | Mashwani, Muhammad Ayaz |
| 260 ## - PUBLICATION, DISTRIBUTION, ETC. | |
| Place of publication, distribution, etc. | Lahore |
| Name of publisher, distributor, etc. | Hamdard Katub Khana |
| Date of publication, distribution, etc. | 1990 |
| 300 ## - PHYSICAL DESCRIPTION | |
| Extent | 212. p: |
| Other physical details | ill.; |
| Dimensions | 20 cm. |
| Accompanying material | Donation |
| 526 ## - STUDY PROGRAM INFORMATION NOTE | |
| Program name | 0 |
| Interest level | 0 |
| Reading level | 0 |
| Title point value | 005_100000000000000_MAS |
| 650 ## - SUBJECT ADDED ENTRY--TOPICAL TERM | |
| Topical term or geographic name entry element | Donation |
| 9 (RLIN) | 36574 |
| 942 ## - ADDED ENTRY ELEMENTS (KOHA) | |
| Source of classification or shelving scheme | |
| Koha item type | Book |
| Withdrawn status | Lost status | Source of classification or shelving scheme | Damaged status | Not for loan | Permanent Location | Current Location | Date acquired | Total Checkouts | Full call number | Barcode | Date last seen | Copy number | Price effective from | Koha item type |
|---|---|---|---|---|---|---|---|---|---|---|---|---|---|---|
| Military College of Engineering (MCE) | Military College of Engineering (MCE) | 08/20/2013 | 005.1 MAS | MCE-28962 | 08/20/2013 | 1 | 08/20/2013 | Book |
